Lexikón vyššej matematiky : Vzorce /

Salvato in:
Dettagli Bibliografici
Autori principali: Göhler, Wilhelm (Autore), Ralle, Barbara (Autore)
Natura: Libro
Lingua:slovacco
Pubblicazione: Bratislava : Alfa, 1992
Edizione:1.vyd.
Soggetti:
Tags: Aggiungi Tag
Nessun Tag, puoi essere il primo ad aggiungerne!!

MARC

LEADER 00000nam a22000003a 4500
001 stu3120
005 20150617225616.1
008 960314s1992----xo------------------slo-d
020 |a 80-05-00531-8 
040 |a STU  |b slo 
041 0 |a slo 
044 |a xo 
080 |a 51(083.7)  |7 stu_us_auth*stu10984 
100 1 |a Göhler, Wilhelm  |4 aut 
245 1 |a Lexikón vyššej matematiky :  |b Vzorce /  |c [aut.] Göhler,Wilhelm; Ralle,Barbara 
250 |a 1.vyd. 
260 |a Bratislava :  |b Alfa,  |c 1992 
300 |a 166 s 
650 7 |a matematika  |2 stusub 
700 1 |a Ralle, Barbara  |4 aut 
996 |b 284EK01627  |c E*80478  |l EE01  |s A  |a 24  |w stu3120_0001